| 000 | 00406pab a2200169 454500 | ||
|---|---|---|---|
| 008 | 180718b2004 xxu||||| |||| 00| 0 eng d | ||
| 100 | _aKumar, C. Rajendra | ||
| 245 | _aCooperative marketing: a rural perspective | ||
| 260 | _c2004 | ||
| 300 | _ap.44-49. | ||
| 362 | _aOct | ||
| 650 | _aMarketing | ||
| 650 | _aCooperatives | ||
| 700 | _aKaptan, Sanjay S. | ||
| 773 | _aKurukshetra | ||
| 909 | _a62824 | ||
| 999 |
_c62824 _d62824 |
||